000 00824nam a2200253 a 4500
001 BRL_1737
005 20190320211339.0
008 230715s1950----mx-#######---#000-0#spa-#
041 _aspa
044 _amx
050 4 _aF1219
_b.P35 1950
100 1 _aPalafox y Mendoza, Juan de
_d1600-1659
_9449
245 1 0 _aLibro de las virtudes del indio
_cJuan de Palafox y Mendoza ; prólogo de Federico Gómez de Orozco.
260 _aMéxico
_bSEP
_c1950
300 _a[120 p.]
_c18 cm.
440 0 _aBiblioteca enciclopedica populas, 3 epoca
_v219
_927749
500 _aAu1893
500 _aEstado fisico: Tiene desprendida la pasta del lomo.
650 1 4 _aIndígenas de México
_94678
650 1 4 _aTrato a los indígenas
_927750
700 1 _aGómez de Orozco, Federico
_epról.
_93854
902 _aGRL
942 _2lcc
_cB
999 _c10545
_d10545